Catálogo
Digital

Catálogo
Digital

Ancón 100 Años en la historia petrolera del Ecuador (Record no. 14344)

MARC details
000 -CABECERA
campo de control de longitud fija 01634nam a2200325 4500
003 - IDENTIFICADOR DEL NÚMERO DE CONTROL
campo de control EC-UNACH
005 - FECHA Y HORA DE LA ÚLTIMA TRANSACCIÓN
campo de control 20251222110027.0
006 - CÓDIGOS DE INFORMACIÓN DE LONGITUD FIJA--CARACTERÍSTICAS DEL MATERIAL ADICIONAL
campo de control de longitud fija s||||gr|||| 00| 00
008 - DATOS DE LONGITUD FIJA--INFORMACIÓN GENERAL
campo de control de longitud fija 150116t9999 mx r gr 000 0 spa d
020 ## - NÚMERO INTERNACIONAL ESTÁNDAR DEL LIBRO
Número Internacional Estándar del Libro 978-9942-03-679-7
040 ## - FUENTE DE LA CATALOGACIÓN
Centro catalogador/agencia de origen EC-UNACH
Centro/agencia transcriptor EC-UNACH
041 ## - CÓDIGO DE LENGUA
Código de lengua del texto/banda sonora o título independiente spa
082 04 - NÚMERO DE LA CLASIFICACIÓN DECIMAL DEWEY
Número de edición 23
Número de clasificación 986.607
Número de documento/Ítem L018578
110 ## - ENTRADA PRINCIPAL--NOMBRE DE ENTIDAD CORPORATIVA
Nombre de entidad corporativa o nombre de jurisdicción como elemento de entrada La Libertad (Ecuador): Universidad Estatal Península de Santa Elena. UPSE
245 ## - MENCIÓN DE TÍTULO
Título Ancón 100 Años en la historia petrolera del Ecuador
250 ## - MENCIÓN DE EDICIÓN
Mención de edición Segunda edición
264 ## - Producción, publicación, distribución, fabricación y copyright
Lugar de producción, publicación, distribución, fabricación Ecuador
Nombre del de productor, editor, distribuidor, fabricante La Libertad (Ecuador): Universidad Estatal Península de Santa Elena. UPSE
Fecha de de producción, publicación, distribución, fabricación o copyright 2001
300 ## - DESCRIPCIÓN FÍSICA
Extensión 337
505 ## - NOTA DE CONTENIDO CON FORMATO
Nota de contenido con formato El Copey en la Colonia.-- El petróleo, una nueva era.-- Pioneros y primeras concesiones.-- Los ingleses en Ancón.-- El campamento en formación.-- El puerto y la flora.-- La primera refinería.-- Período de expansión.-- Primera Ley del petróleo.-- La vida en el campamento.-- Arquitectura y urbanismo.-- El barrio Inglés.-- Educación.-- Salud y cuidados sanitarios.-- Asistencia religiosa.-- Los clubes y sus glorias deportivas.-- expresiones culturales.-- El sindicalismo.-- AEOL. Última etapa.-- Nueva proyecciones siglo XXI.-- Parroquialización de Ancón.-- UPSE y la primera Escuela de petróleo.-- provincialización de Santa Elena.—personaje de Ancón
650 ## - PUNTO DE ACCESO ADICIONAL DE MATERIA--TÉRMINO DE MATERIA
Término de materia o nombre geográfico como elemento inicial ECUADOR - HISTORIA
650 ## - PUNTO DE ACCESO ADICIONAL DE MATERIA--TÉRMINO DE MATERIA
Término de materia o nombre geográfico como elemento inicial PETROLEO
650 ## - PUNTO DE ACCESO ADICIONAL DE MATERIA--TÉRMINO DE MATERIA
Término de materia o nombre geográfico como elemento inicial CIENCIAS FISICAS
700 ## - PUNTO DE ACCESO ADICIONAL--NOMBRE DE PERSONA
Nombre de persona Jenny Estrada
942 ## - ELEMENTOS DE PUNTO DE ACCESO ADICIONAL (KOHA)
Fuente del sistema de clasificación o colocación Clasificación Decimal Dewey
Tipo de ítem Koha Libros
999 ## - NÚMEROS DE CONTROL DE SISTEMA (KOHA)
Koha biblionumber 14344
Holdings
Estado de pérdida Fuente del sistema de clasificación o colocación Estado dañado No para préstamo Localización permanente Ubicación/localización actual Ubicación en estantería Fecha de adquisición Fuente de adquisición Número de inventario Total de préstamos Signatura topográfica completa Código de barras Fecha visto por última vez Precio válido a partir de Tipo de ítem Koha Centro de costos
  Clasificación Decimal Dewey     Biblioteca Campus Norte Biblioteca Campus Norte Facultad de Ingeniería - Generalidades 22/12/2025 Transitoria segunda Resolución N°0311-CU-UNACH-SE-ORD-16-09-24 39933404   986.607 UNI L018578 L018578 22/12/2025 22/12/2025 Libros  

Powered by Koha